Statistics for Legendary Kings of Rome

Click here to take the quiz!

General Stats

  • This quiz has been taken 8 times
  • The average score is 5 of 7

Answer Stats

ReignLegendary King% Correct
753-716 BCERomulus
100%
534-509 BCELucius Tarquinius Superbus
75%
640-616 BCEAncus Marcius
63%
616-578 BCELucius Tarquinius Priscus
63%
715-672 BCENuma Pompilius
63%
578-534 BCEServius Tullius
63%
672-640 BCETullus Hostilius
63%

Score Distribution

Percentile by Number Answered

Percent of People with Each Score

Your Score History

You have not taken this quiz